000 00472nam a2200157Ia 4500
008 210716s2003 xx 000 0 und d
020 _a0070486867
041 _aeng
082 _a658.152 ROSS
100 _aRoss, Stephen A;Westerfield, Randolph W;Jordan, Bradford D.
245 _aFundamentals of corporate finance.
250 _a3
260 _aNew Delhi
_bTata McGraw Hill Publishing Company Ltd
_c2003
300 _axxxi,776/1995
650 _aManagement Accounting
999 _c200863
_d200863